000 00176 a2200097 4500
020 _a9780152024284
041 _aeng
100 _aEhlert, Lois
245 _aCuckoo
942 _cBK
999 _c14256
_d14256